Matemáticas y medio : (Record no. 93086)

MARC details
000 -CABECERA
campo de control de longitud fija 00672nam a2200205 a 4500
005 - FECHA Y HORA DE LA ÚLTIMA TRANSACCIÓN
campo de control 20230524063905.0
008 - ELEMENTOS DE LONGITUD FIJA--INFORMACIÓN GENERAL
campo de control de longitud fija 021105s19911997mx r 000 0 spa d
020 ## - NÚMERO INTERNACIONAL NORMALIZADO PARA LIBROS
Número Internacional Estándar del Libro 8487118550
035 ## - NÚMERO DE CONTROL DEL SISTEMA
Número de control de sistema UPN01000120752
049 ## - COLECCIÓN
Colección CG
050 #4 - SIGNATURA TOPOGRÁFICA DE LA BIBLIOTECA DEL CONGRESO
Número de clasificación BF723 C5
Número de documento/Ítem V5.5
100 1# - ASIENTO PRINCIPAL--NOMBRE PERSONAL
Nombre de persona Viera, Ana María
245 10 - MENCIÓN DE TÍTULO
Título Matemáticas y medio :
Resto del título ideas para favorecer el desarrollo cognitivo infantil /
Mención de responsabilidad, etc. Ana Ma. Viera.
260 ## - PUBLICACIÓN, DISTRIBUCIÓN, ETC.
Lugar de publicación, distribución, etc. Sevilla, Esp. :
Nombre del editor, distribuidor, etc. Díada,
Fecha de publicación, distribución, etc. 1991 (1997 impr.).
300 ## - DESCRIPCIÓN FÍSICA
Extensión 81 p.
440 #0 - MENCIÓN DE SERIE/ASIENTO SECUNDARIO--TÍTULO
Título Investigación y enseñanza.
Nombre de parte o sección de la obra Práctica ;
Designación de volumen o secuencia 5
650 #2 - ASIENTO SECUNDARIO DE MATERIA - TERMINO TEMATICO
Término de materia o nombre geográfico como elemento de entrada Desarrollo cognoscitivo
9 (RLIN) 5390
650 #4 - ASIENTO SECUNDARIO DE MATERIA - TERMINO TEMATICO
Término de materia o nombre geográfico como elemento de entrada Matemáticas
Subdivisión general Estudio y enseñanza (Elemental)
9 (RLIN) 2809
905 ## - TIPO DE MATERIAL
Tipo de material Libro
Holdings
Estado de retiro Estado de pérdida Fuente del sistema de clasificación o colocación Estado dañado No para préstamo Código de colección Localización permanente Ubicación/localización actual Ubicación en estantería Total de préstamos Clasificación Código de barras Fecha visto por última vez Número de copia Tipo de ítem Koha Fecha de adquisición
    Library of Congress Classification     Colección General Bib. Gregorio Torres Quintero Bib. Gregorio Torres Quintero Planta baja 5 BF723 C5 V5.5 203942 31/12/2020 1 Libro  
    Library of Congress Classification     Colección General Bib. Gregorio Torres Quintero Bib. Gregorio Torres Quintero Planta baja 7 BF723 C5 V5.5 200445 31/12/2020 1 Libro  
    Library of Congress Classification     Colección General Bib. Gregorio Torres Quintero Bib. Gregorio Torres Quintero Planta baja 13 BF723 C5 V5.5 199197 31/12/2020 1 Libro 14/03/2023